书目信息 |
| 题名: |
魔幻世界的政治经济学
|
|
| 作者: | 黄冠 , 陈宇峰 著 | |
| 分册: | ||
| 出版信息: | 北京 华夏出版社 2020.01 |
|
| 页数: | 15, 210页 | |
| 开本: | 24cm | |
| 丛书名: | ||
| 单 册: | ||
| 中图分类: | F0 | |
| 科图分类: | ||
| 主题词: | 政治经济学--zheng zhi jing ji xue | |
| 电子资源: | ||
| ISBN: | 978-7-5080-9713-8 | |
| 000 | 01002nam0 2200277 450 | |
| 001 | 2061095866 | |
| 005 | 20201106165822.89 | |
| 010 | @a978-7-5080-9713-8@dCNY49.00 | |
| 100 | @a20191128d2020 em y0chiy50 ea | |
| 101 | 0 | @achi |
| 102 | @aCN@b110000 | |
| 105 | @ay a 000yy | |
| 200 | 1 | @a魔幻世界的政治经济学@Amo huan shi jie de zheng zhi jing ji xue@f黄冠, 陈宇峰著 |
| 210 | @a北京@c华夏出版社@d2020.01 | |
| 215 | @a15, 210页@d24cm | |
| 312 | @a英文题名取自封面 | |
| 314 | @a黄冠, 日本早稻田大学政治学博士。陈宇峰, 经济学博士。 | |
| 320 | @a有书目 (第201-206页) | |
| 330 | @a本书以魔幻文学所展示的虚拟世界为起点, 讨论这些人类能够穷尽的超现实世界中的基本政治经济规律, 并力图揭示科技发展无限可能性的未来世界政治经济走势。 | |
| 510 | 1 | @aPolitical economics of a magical world@zeng |
| 606 | 0 | @a政治经济学@Azheng zhi jing ji xue |
| 690 | @aF0@v5 | |
| 701 | 0 | @a黄冠@Ahuang guan@4著 |
| 701 | 0 | @a陈宇峰@Achen yu feng@4著 |
| 801 | 0 | @aCN@b人天书店@c20201003 |
| 905 | @aZUCC@dF0@eH835 | |
| 魔幻世界的政治经济学/黄冠, 陈宇峰著.-北京:华夏出版社,2020.01 |
| 15, 210页;24cm |
| ISBN 978-7-5080-9713-8:CNY49.00 |
| 本书以魔幻文学所展示的虚拟世界为起点, 讨论这些人类能够穷尽的超现实世界中的基本政治经济规律, 并力图揭示科技发展无限可能性的未来世界政治经济走势。 |
| ● |
| 相关链接 |
|
|
|
正题名:魔幻世界的政治经济学
索取号:F0/H835
 
预约/预借
| 序号 | 登录号 | 条形码 | 馆藏地/架位号 | 状态 | 备注 |
| 1 | 1483105 | 214831057 | 社科库409/400A自科库 8排3列5层/ [索取号:F0/H835] | 在馆 | |
| 2 | 1483106 | 214831066 | 社科库409/400A自科库 8排3列5层/ [索取号:F0/H835] | 在馆 | |
| 3 | 1483107 | 214831075 | 社科库409/409社科库 61排1列5层/ [索取号:F0/H835] | 在馆 |